[Event "Hoogeveen Amateur 1"]
[Site "Hoogeveen, Netherlands"]
[Date "2018.10.23"]
[Round "4.6"]
[White "De Winter, Arthur"]
[Black "Baars, Gerard"]
[Result "1-0"]
[WhiteElo "1361"]
[BlackElo "1795"]

1. e4 {[%clk 01:30:57]} {[%emt 00:00:02]} d5 {[%clk 01:30:51]} {[%emt
00:00:09]} 2. exd5 {[%clk 01:31:21]} {[%emt 00:00:07]} Nf6 {[%clk 01:31:13]}
{[%emt 00:00:07]} 3. d4 {[%clk 01:31:22]} {[%emt 00:00:29]} Qxd5 {[%clk
01:30:47]} {[%emt 00:00:57]} 4. Nc3 {[%clk 01:30:22]} {[%emt 00:01:29]} Qd8
{[%clk 01:31:11]} {[%emt 00:00:06]} 5. Nf3 {[%clk 01:30:06]} {[%emt 00:00:47]}
e6 {[%clk 01:30:49]} {[%emt 00:00:52]} 6. Bd3 {[%clk 01:29:33]} {[%emt
00:01:02]} Nc6 {[%clk 01:30:54]} {[%emt 00:00:25]} 7. O-O {[%clk 01:29:37]}
{[%emt 00:00:24]} Nb4 {[%clk 01:30:15]} {[%emt 00:01:11]} 8. Bc4 {[%clk
01:26:07]} {[%emt 00:04:01]} Be7 {[%clk 01:30:09]} {[%emt 00:00:36]} 9. Bg5
{[%clk 01:26:07]} {[%emt 00:00:29]} O-O {[%clk 01:30:16]} {[%emt 00:00:22]} 10.
Re1 {[%clk 01:21:05]} {[%emt 00:05:33]} c6 {[%clk 01:29:18]} {[%emt 00:01:27]}
11. h3 {[%clk 01:20:41]} {[%emt 00:00:54]} Nbd5 {[%clk 01:29:06]} {[%emt
00:00:42]} 12. Nxd5 {[%clk 01:19:28]} {[%emt 00:01:44]} cxd5 {[%clk 01:29:21]}
{[%emt 00:00:15]} 13. Bd3 {[%clk 01:19:52]} {[%emt 00:00:05]} h6 {[%clk
01:24:27]} {[%emt 00:05:24]} 14. Bh4 {[%clk 01:20:09]} {[%emt 00:00:13]} Nd7
{[%clk 01:19:05]} {[%emt 00:05:52]} 15. Bg3 {[%clk 01:20:04]} {[%emt 00:00:35]}
Bf6 {[%clk 01:19:26]} {[%emt 00:00:09]} 16. c3 {[%clk 01:19:27]} {[%emt
00:01:07]} a5 {[%clk 01:16:34]} {[%emt 00:03:23]} 17. Ne5 {[%clk 01:15:22]}
{[%emt 00:04:35]} Nxe5 {[%clk 01:14:21]} {[%emt 00:02:43]} 18. dxe5 {[%clk
01:15:39]} {[%emt 00:00:12]} Bh4 {[%clk 01:08:24]} {[%emt 00:06:25]} 19. Bxh4
{[%clk 01:11:11]} {[%emt 00:05:01]} Qxh4 {[%clk 01:08:34]} {[%emt 00:00:20]} 20.
Bc2 {[%clk 01:09:00]} {[%emt 00:02:40]} g6 {[%clk 01:08:03]} {[%emt 00:01:01]}
21. Qd3 {[%clk 01:08:20]} {[%emt 00:01:08]} b6 {[%clk 01:06:07]} {[%emt
00:02:28]} 22. Qe3 {[%clk 01:08:03]} {[%emt 00:00:47]} Rb8 {[%clk 01:05:37]}
{[%emt 00:01:00]} 23. Rad1 {[%clk 01:07:32]} {[%emt 00:01:00]} Kg7 {[%clk
01:05:11]} {[%emt 00:00:57]} 24. Rd4 {[%clk 01:05:57]} {[%emt 00:02:01]} Qe7
{[%clk 01:04:29]} {[%emt 00:01:16]} 25. Rf4 {[%clk 01:02:41]} {[%emt 00:03:46]}
f5 {[%clk 01:03:13]} {[%emt 00:01:45]} 26. exf6+ {[%clk 01:02:51]} {[%emt
00:00:21]} Rxf6 {[%clk 01:03:40]} {[%emt 00:00:02]} 27. Qe5 {[%clk 01:03:03]}
{[%emt 00:00:19]} Rb7 {[%clk 01:03:40]} {[%emt 00:00:30]} 28. Re3 {[%clk
00:59:07]} {[%emt 00:04:27]} Kf7 {[%clk 01:03:15]} {[%emt 00:00:54]} 29. Rxf6+
{[%emt 00:00:25]} Kg7 {[%emt 00:00:10]} 30. Rf4+ {[%emt 00:00:09]} 1-0

[Event "Hoogeveen Amateur 1"]
[Site "Hoogeveen, Netherlands"]
[Date "2018.10.23"]
[Round "4.7"]
[White "De Jonge, Edwin"]
[Black "Hofstra, Tijmen"]
[Result "1/2-1/2"]
[WhiteElo "1792"]
[BlackElo "1622"]

1. d4 {[%clk 01:30:54]} {[%emt 00:00:04]} d5 {[%clk 01:30:31]} {[%emt
00:00:32]} 2. c4 {[%clk 01:31:17]} {[%emt 00:00:05]} dxc4 {[%clk 01:30:55]}
{[%emt 00:00:07]} 3. Nf3 {[%clk 01:31:27]} {[%emt 00:00:19]} c6 {[%clk
01:31:18]} {[%emt 00:00:08]} 4. a4 {[%clk 01:30:48]} {[%emt 00:01:09]} Bg4
{[%clk 01:31:23]} {[%emt 00:00:25]} 5. Ne5 {[%clk 01:30:44]} {[%emt 00:00:33]}
Be6 {[%clk 01:31:35]} {[%emt 00:00:19]} 6. e3 {[%clk 01:27:34]} {[%emt
00:03:40]} Nd7 {[%clk 01:31:47]} {[%emt 00:00:18]} 7. Nxc4 {[%clk 01:26:23]}
{[%emt 00:01:41]} Ngf6 {[%clk 01:32:12]} {[%emt 00:00:05]} 8. Nc3 {[%clk
01:21:53]} {[%emt 00:05:00]} g6 {[%clk 01:25:55]} {[%emt 00:06:47]} 9. Qc2
{[%clk 01:14:58]} {[%emt 00:07:24]} Bg7 {[%clk 01:25:00]} {[%emt 00:01:26]} 10.
Be2 {[%clk 01:04:13]} {[%emt 00:11:14]} O-O {[%clk 01:25:17]} {[%emt 00:00:14]}
11. h3 {[%clk 01:02:08]} {[%emt 00:02:35]} Nb6 {[%clk 01:25:17]} {[%emt
00:00:30]} 12. Nxb6 {[%clk 01:00:48]} {[%emt 00:01:50]} Qxb6 {[%clk 01:25:41]}
{[%emt 00:00:07]} 13. Ra3 {[%clk 00:53:30]} {[%emt 00:07:46]} Rac8 {[%clk
01:21:46]} {[%emt 00:04:24]} 14. a5 {[%clk 00:49:18]} {[%emt 00:04:44]} Qd8
{[%clk 01:21:24]} {[%emt 00:00:52]} 15. b4 {[%clk 00:44:42]} {[%emt 00:05:06]}
Nd5 {[%clk 01:21:47]} {[%emt 00:00:08]} 16. Qb2 {[%clk 00:29:08]} {[%emt
00:16:03]} Qd6 {[%clk 01:21:44]} {[%emt 00:00:34]} 17. Nxd5 {[%clk 00:29:10]}
{[%emt 00:00:27]} Bxd5 {[%clk 01:22:01]} {[%emt 00:00:14]} 18. O-O {[%clk
00:28:53]} {[%emt 00:00:46]} e5 {[%clk 01:22:22]} {[%emt 00:00:09]} 19. dxe5
{[%clk 00:28:14]} {[%emt 00:01:09]} Bxe5 {[%clk 01:22:44]} {[%emt 00:00:09]} 20.
Qd2 {[%clk 00:27:12]} {[%emt 00:01:31]} Rfd8 {[%clk 01:22:54]} {[%emt
00:00:21]} 21. Rd3 {[%clk 00:24:27]} {[%emt 00:03:14]} Qe7 {[%clk 01:22:17]}
{[%emt 00:01:07]} 22. Rd1 {[%clk 00:23:58]} {[%emt 00:00:59]} Bf6 {[%clk
01:21:35]} {[%emt 00:01:13]} 23. Bb2 {[%clk 00:23:31]} {[%emt 00:00:56]} Re8
{[%clk 01:21:00]} {[%emt 00:01:05]} 24. Bxf6 {[%clk 00:22:49]} {[%emt
00:01:12]} Qxf6 {[%clk 01:21:26]} {[%emt 00:00:05]} 25. Rd4 {[%clk 00:22:42]}
{[%emt 00:00:36]} h5 {[%clk 01:21:44]} {[%emt 00:00:12]} 26. Bc4 {[%clk
00:21:27]} {[%emt 00:01:45]} Bxc4 {[%clk 01:21:57]} {[%emt 00:00:17]} 27. Rxc4
{[%clk 00:21:56]} {[%emt 00:00:01]} Qe6 {[%clk 01:21:05]} {[%emt 00:01:21]} 28.
Rd4 {[%clk 00:22:10]} {[%emt 00:00:17]} c5 {[%clk 01:21:26]} {[%emt 00:00:09]}
29. Rd6 {[%clk 00:21:28]} {[%emt 00:01:11]} Qc4 {[%clk 01:21:42]} {[%emt
00:00:15]} 30. bxc5 {[%clk 00:13:43]} {[%emt 00:08:15]} Qxc5 {[%clk 01:22:02]}
{[%emt 00:00:09]} 31. Rd5 {[%clk 00:13:59]} {[%emt 00:00:14]} Qc2 {[%clk
01:22:08]} {[%emt 00:00:25]} 32. Qd4 {[%clk 00:13:41]} {[%emt 00:00:47]} Qc3
{[%clk 01:22:31]} {[%emt 00:00:08]} 33. Qxa7 {[%clk 00:13:00]} {[%emt
00:01:10]} Ra8 {[%clk 01:22:44]} {[%emt 00:00:17]} 34. Qxb7 {[%clk 00:12:14]}
{[%emt 00:01:16]} Rxa5 {[%clk 01:22:57]} {[%emt 00:00:18]} 35. Rxa5 {[%clk
00:12:29]} {[%emt 00:00:14]} Qxa5 {[%clk 01:23:22]} {[%emt 00:00:05]} 36. Qd7
{[%clk 00:12:35]} {[%emt 00:00:23]} Qe5 {[%clk 01:23:32]} {[%emt 00:00:21]} 37.
Qd4 {[%clk 00:10:04]} {[%emt 00:03:01]} Qb5 {[%clk 01:23:32]} {[%emt 00:00:29]}
38. Qd7 {[%clk 00:09:45]} {[%emt 00:00:49]} Qe5 {[%clk 01:23:56]} {[%emt
00:00:07]} 39. Qd4 {[%clk 00:09:36]} {[%emt 00:00:39]} Qb5 {[%clk 01:24:20]}
{[%emt 00:00:07]} 40. Qd7 {[%clk 00:09:59]} {[%emt 00:00:06]} Qe5 {[%clk
01:23:49]} {[%emt 00:00:59]} 1/2-1/2

[Event "Hoogeveen Amateur 1"]
[Site "Hoogeveen, Netherlands"]
[Date "2018.10.23"]
[Round "4.8"]
[White "Lootsma, Jan"]
[Black "Land, Marc"]
[Result "1-0"]
[WhiteElo "1976"]
[BlackElo "1778"]

1. e4 {[%clk 01:30:56]} {[%emt 00:00:04]} c5 {[%clk 01:30:59]} {[%emt
00:00:02]} 2. Nf3 {[%clk 01:31:09]} {[%emt 00:00:16]} e6 {[%clk 01:31:24]}
{[%emt 00:00:05]} 3. c3 {[%clk 01:31:22]} {[%emt 00:00:16]} d5 {[%clk
01:31:17]} {[%emt 00:00:37]} 4. e5 {[%clk 01:31:14]} {[%emt 00:00:39]} Nc6
{[%clk 01:31:12]} {[%emt 00:00:36]} 5. d4 {[%clk 01:30:53]} {[%emt 00:00:50]}
cxd4 {[%clk 01:30:47]} {[%emt 00:00:55]} 6. cxd4 {[%clk 01:31:14]} {[%emt
00:00:09]} Bd7 {[%clk 01:25:53]} {[%emt 00:05:24]} 7. Nc3 {[%clk 01:27:48]}
{[%emt 00:03:57]} a6 {[%clk 01:20:49]} {[%emt 00:05:34]} 8. Bd3 {[%clk
01:26:45]} {[%emt 00:01:32]} f5 {[%clk 01:19:09]} {[%emt 00:02:10]} 9. O-O
{[%clk 01:19:25]} {[%emt 00:07:50]} Be7 {[%clk 01:10:15]} {[%emt 00:09:23]} 10.
Re1 {[%clk 01:16:48]} {[%emt 00:03:08]} Nh6 {[%clk 01:07:16]} {[%emt 00:03:29]}
11. Bxh6 {[%clk 01:11:04]} {[%emt 00:06:14]} gxh6 {[%clk 01:07:43]} {[%emt
00:00:03]} 12. Bxf5 {[%clk 00:57:02]} {[%emt 00:14:32]} exf5 {[%clk 00:59:48]}
{[%emt 00:08:25]} 13. e6 {[%clk 00:55:18]} {[%emt 00:02:14]} Bc8 {[%clk
01:00:03]} {[%emt 00:00:15]} 14. Ne5 {[%clk 00:51:04]} {[%emt 00:04:43]} Nxe5
{[%clk 00:58:50]} {[%emt 00:01:43]} 15. Rxe5 {[%clk 00:51:22]} {[%emt
00:00:13]} O-O {[%clk 00:58:33]} {[%emt 00:00:46]} 16. Nxd5 {[%clk 00:49:29]}
{[%emt 00:02:23]} b5 {[%clk 00:55:50]} {[%emt 00:03:14]} 17. Qb3 {[%clk
00:41:59]} {[%emt 00:08:00]} Bb7 {[%clk 00:54:38]} {[%emt 00:01:41]} 18. Rae1
{[%clk 00:40:56]} {[%emt 00:01:33]} Rc8 {[%clk 00:51:57]} {[%emt 00:03:11]} 19.
h3 {[%clk 00:39:02]} {[%emt 00:02:25]} Rc4 {[%clk 00:50:33]} {[%emt 00:01:54]}
20. Nxe7+ {[%clk 00:38:09]} {[%emt 00:01:23]} Qxe7 {[%clk 00:50:50]} {[%emt
00:00:14]} 21. d5 {[%clk 00:37:57]} {[%emt 00:00:41]} Qd6 {[%clk 00:46:27]}
{[%emt 00:04:52]} 22. e7 {[%clk 00:36:32]} {[%emt 00:01:56]} Re8 {[%clk
00:46:31]} {[%emt 00:00:26]} 23. Qg3+ {[%clk 00:33:45]} {[%emt 00:03:17]} Qg6
{[%clk 00:46:40]} {[%emt 00:00:20]} 24. Qf3 {[%clk 00:33:17]} {[%emt 00:00:59]}
f4 {[%clk 00:44:10]} {[%emt 00:03:00]} 25. Re6 {[%clk 00:30:35]} {[%emt
00:03:11]} Qg7 {[%clk 00:41:00]} {[%emt 00:03:40]} 26. Qh5 {[%clk 00:27:58]}
{[%emt 00:03:07]} Qf7 {[%clk 00:40:07]} {[%emt 00:01:23]} 27. Qxh6 {[%clk
00:26:47]} {[%emt 00:01:41]} Rd4 {[%clk 00:35:44]} {[%emt 00:04:54]} 28. R1e5
{[%clk 00:10:26]} {[%emt 00:16:51]} Rxd5 {[%clk 00:25:34]} {[%emt 00:10:40]} 29.
Rxd5 {[%clk 00:10:02]} {[%emt 00:00:53]} Bxd5 {[%clk 00:25:38]} {[%emt
00:00:27]} 30. Qg5+ {[%clk 00:10:25]} {[%emt 00:00:07]} Qg7 {[%clk 00:25:25]}
{[%emt 00:00:42]} 31. Qxd5 {[%clk 00:10:37]} {[%emt 00:00:19]} Qf7 {[%clk
00:24:16]} {[%emt 00:01:39]} 32. Qd6 {[%clk 00:07:44]} {[%emt 00:03:23]} f3
{[%clk 00:23:42]} {[%emt 00:01:04]} 33. g3 {[%clk 00:07:43]} {[%emt 00:00:31]}
Qf5 {[%clk 00:22:20]} {[%emt 00:01:51]} 34. Kh2 {[%clk 00:06:18]} {[%emt
00:01:56]} Qc2 {[%clk 00:22:05]} {[%emt 00:00:45]} 35. Qd4 {[%clk 00:06:18]}
{[%emt 00:00:30]} Qc7 {[%clk 00:18:58]} {[%emt 00:03:37]} 36. Qg4+ {[%clk
00:05:24]} {[%emt 00:01:23]} Kf7 {[%clk 00:18:00]} {[%emt 00:01:29]} 37. Qf5+
{[%clk 00:05:39]} {[%emt 00:00:15]} Kg8 {[%clk 00:18:10]} {[%emt 00:00:18]} 38.
Qg5+ {[%clk 00:04:46]} {[%emt 00:01:25]} Kh8 {[%clk 00:17:13]} {[%emt
00:01:27]} 39. Re4 {[%clk 00:03:01]} {[%emt 00:02:14]} Qd6 {[%clk 00:15:49]}
{[%emt 00:01:54]} 40. h4 {[%clk 00:02:45]} {[%emt 00:00:47]} b4 {[%clk
00:14:55]} {[%emt 00:01:25]} 41. Qf5 {[%clk 00:02:11]} {[%emt 00:01:03]} a5
{[%clk 00:13:30]} {[%emt 00:01:54]} 42. Qf7 {[%clk 00:01:57]} {[%emt 00:00:44]}
Qg6 {[%clk 00:13:26]} {[%emt 00:00:34]} 43. Qf8+ {[%clk 00:01:30]} {[%emt
00:00:58]} Qg8 {[%clk 00:13:48]} {[%emt 00:00:08]} 44. Rf4 {[%clk 00:00:44]}
{[%emt 00:01:16]} a4 {[%clk 00:13:39]} {[%emt 00:00:39]} 45. Qxe8 {[%clk
00:00:42]} {[%emt 00:00:32]} 1-0

[Event "Hoogeveen Amateur 1"]
[Site "Hoogeveen, Netherlands"]
[Date "2018.10.24"]
[Round "5.2"]
[White "Vasse, Albert"]
[Black "Van Der Graaf, Jaap"]
[Result "1-0"]
[WhiteElo "1857"]
[BlackElo "1705"]

1. e4 {[%clk 01:30:55]} {[%emt 00:00:04]} e6 {[%clk 01:30:53]} {[%emt
00:00:08]} 2. Nf3 {[%clk 01:30:59]} {[%emt 00:00:26]} d5 {[%clk 01:31:07]}
{[%emt 00:00:16]} 3. e5 {[%clk 01:31:18]} {[%emt 00:00:11]} c5 {[%clk
01:31:27]} {[%emt 00:00:10]} 4. b4 {[%clk 01:31:38]} {[%emt 00:00:10]} cxb4
{[%clk 01:31:55]} {[%emt 00:00:04]} 5. d4 {[%clk 01:31:58]} {[%emt 00:00:08]}
Nc6 {[%clk 01:31:45]} {[%emt 00:00:40]} 6. Bd3 {[%clk 01:31:45]} {[%emt
00:00:42]} Nge7 {[%clk 01:29:03]} {[%emt 00:03:12]} 7. h4 {[%clk 01:25:54]}
{[%emt 00:06:21]} Bd7 {[%clk 01:28:01]} {[%emt 00:01:33]} 8. a3 {[%clk
01:25:41]} {[%emt 00:00:42]} Nf5 {[%clk 01:20:49]} {[%emt 00:07:42]} 9. Bxf5
{[%clk 01:22:41]} {[%emt 00:03:29]} exf5 {[%clk 01:21:11]} {[%emt 00:00:10]} 10.
O-O {[%clk 01:22:59]} {[%emt 00:00:11]} Na5 {[%clk 01:15:47]} {[%emt 00:05:55]}
11. Bd2 {[%clk 01:20:27]} {[%emt 00:03:01]} bxa3 {[%clk 01:08:27]} {[%emt
00:07:50]} 12. Nxa3 {[%clk 01:20:16]} {[%emt 00:00:40]} Bxa3 {[%clk 01:08:38]}
{[%emt 00:00:20]} 13. Rxa3 {[%clk 01:20:24]} {[%emt 00:00:22]} Nc4 {[%clk
01:08:51]} {[%emt 00:00:17]} 14. Rb3 {[%clk 01:20:00]} {[%emt 00:00:54]} Nxd2
{[%clk 01:01:37]} {[%emt 00:07:44]} 15. Qxd2 {[%clk 01:18:40]} {[%emt
00:01:50]} b5 {[%clk 01:02:02]} {[%emt 00:00:06]} 16. Re1 {[%clk 01:15:06]}
{[%emt 00:04:03]} O-O {[%clk 01:00:43]} {[%emt 00:01:50]} 17. Ng5 {[%clk
01:14:18]} {[%emt 00:01:18]} a6 {[%clk 00:48:34]} {[%emt 00:12:40]} 18. Rh3
{[%clk 01:05:40]} {[%emt 00:09:07]} Be6 {[%clk 00:43:55]} {[%emt 00:05:10]} 19.
Qf4 {[%clk 01:01:50]} {[%emt 00:04:19]} Rc8 {[%clk 00:42:46]} {[%emt 00:01:40]}
20. c3 {[%clk 00:54:21]} {[%emt 00:07:59]} Qe7 {[%clk 00:38:35]} {[%emt
00:04:40]} 21. Ree3 {[%clk 00:48:29]} {[%emt 00:06:21]} Rc6 {[%clk 00:34:12]}
{[%emt 00:04:53]} 22. h5 {[%clk 00:48:33]} {[%emt 00:00:25]} a5 {[%clk
00:19:57]} {[%emt 00:14:47]} 23. Nf3 {[%clk 00:40:40]} {[%emt 00:08:22]} a4
{[%clk 00:18:46]} {[%emt 00:01:42]} 24. Nh4 {[%clk 00:40:52]} {[%emt 00:00:17]}
a3 {[%clk 00:14:22]} {[%emt 00:04:54]} 25. Nxf5 {[%emt 00:00:23]} Bxf5 {[%clk
00:14:40]} {[%emt 00:00:09]} 26. Qxf5 {[%clk 00:41:26]} {[%emt 00:00:07]} Qe6
{[%clk 00:14:39]} {[%emt 00:00:32]} 27. Qb1 {[%clk 00:41:36]} {[%emt 00:00:20]}
Rb8 {[%clk 00:12:27]} {[%emt 00:02:42]} 28. Re2 {[%clk 00:40:01]} {[%emt
00:02:04]} Qc8 {[%clk 00:11:33]} {[%emt 00:01:24]} 29. Qb3 {[%clk 00:39:57]}
{[%emt 00:00:34]} Ra8 {[%clk 00:06:24]} {[%emt 00:05:39]} 30. Ra2 {[%clk
00:40:03]} {[%emt 00:00:24]} Rc4 {[%clk 00:05:10]} {[%emt 00:01:45]} 31. Rxa3
{[%clk 00:36:33]} {[%emt 00:04:00]} Rxa3 {[%clk 00:05:29]} {[%emt 00:00:11]} 32.
Qxa3 {[%clk 00:36:48]} {[%emt 00:00:14]} Ra4 {[%clk 00:05:03]} {[%emt
00:00:57]} 33. Qd6 {[%clk 00:36:42]} {[%emt 00:00:36]} Qa8 {[%clk 00:04:32]}
{[%emt 00:01:01]} 34. e6 {[%clk 00:36:56]} {[%emt 00:00:15]} fxe6 {[%clk
00:04:15]} {[%emt 00:00:48]} 35. Qxe6+ {[%clk 00:37:14]} {[%emt 00:00:13]} Kh8
{[%clk 00:04:43]} {[%emt 00:00:01]} 36. h6 {[%clk 00:37:31]} {[%emt 00:00:13]}
Ra6 {[%clk 00:04:02]} {[%emt 00:01:11]} 37. hxg7+ {[%clk 00:37:44]} {[%emt
00:00:17]} Kxg7 {[%clk 00:04:28]} {[%emt 00:00:03]} 38. Qe7+ {[%clk 00:38:06]}
{[%emt 00:00:09]} Kg8 {[%clk 00:04:52]} {[%emt 00:00:06]} 39. Qxh7+ {[%clk
00:38:20]} {[%emt 00:00:14]} Kf8 {[%clk 00:05:17]} {[%emt 00:00:06]} 40. Rf3+
{[%clk 00:38:36]} {[%emt 00:00:15]} Ke8 {[%clk 00:05:38]} {[%emt 00:00:09]} 41.
Qf7+ {[%clk 00:38:38]} {[%emt 00:00:27]} Kd8 {[%clk 00:06:06]} {[%emt
00:00:02]} 42. Rh3 {[%clk 00:38:33]} {[%emt 00:00:35]} 1-0

[Event "Hoogeveen Amateur 1"]
[Site "Hoogeveen, Netherlands"]
[Date "2018.10.24"]
[Round "5.3"]
[White "In T Veld, Rene"]
[Black "De Winter, Arthur"]
[Result "0-1"]
[WhiteElo "1604"]
[BlackElo "1361"]

1. e4 {[%clk 01:30:57]} {[%emt 00:00:02]} e5 {[%clk 01:30:57]} {[%emt
00:00:04]} 2. Nf3 {[%clk 01:31:23]} {[%emt 00:00:02]} Nf6 {[%clk 01:31:21]}
{[%emt 00:00:07]} 3. Nxe5 {[%clk 01:31:30]} {[%emt 00:00:23]} d6 {[%clk
01:31:43]} {[%emt 00:00:08]} 4. Nf3 {[%clk 01:31:57]} {[%emt 00:00:04]} Nxe4
{[%clk 01:32:09]} {[%emt 00:00:04]} 5. Nc3 {[%clk 01:31:40]} {[%emt 00:00:47]}
Nxc3 {[%clk 01:32:24]} {[%emt 00:00:14]} 6. dxc3 {[%clk 01:32:06]} {[%emt
00:00:04]} Be7 {[%clk 01:32:28]} {[%emt 00:00:25]} 7. Be3 {[%clk 01:32:32]}
{[%emt 00:00:05]} Nd7 {[%clk 01:32:21]} {[%emt 00:00:36]} 8. Qd2 {[%clk
01:31:55]} {[%emt 00:01:08]} O-O {[%clk 01:32:09]} {[%emt 00:00:42]} 9. O-O-O
{[%clk 01:32:21]} {[%emt 00:00:04]} Nf6 {[%clk 01:32:28]} {[%emt 00:00:11]} 10.
Kb1 {[%clk 01:31:15]} {[%emt 00:01:37]} Be6 {[%clk 01:30:31]} {[%emt 00:02:27]}
11. Nd4 {[%clk 01:23:23]} {[%emt 00:08:22]} Bd7 {[%clk 01:30:07]} {[%emt
00:00:53]} 12. Bg5 {[%clk 01:14:36]} {[%emt 00:09:17]} Ne4 {[%clk 01:30:20]}
{[%emt 00:00:18]} 0-1